00524nam a2200169 i 4500001000300000100002000003245006600023260002100089830001600110040000800126041000800134942000700142008004100149999001700190856009800207952004900305bg1 aLEWANDOWSKI, J. 0aZagadnienia identyfikacji turbin porowatych /cJ.Lewandowski. aWarszawa,c1990. aMechanika ; cBPK apol cKS s pl f |000 0 pol  c29101d29101 uhttp://koha.tu.koszalin.pl/cgi-bin/koha/opac-detail.pl?biblionumber=29101yKatalog online BPK 00104070aBPKbBPKcwo35157p01595987yKS